Online Catalogue and eLibrary

Maternal nutrition and health status of Indian Tamil female tea plantation workers in Sri Lanka (Record no. 3046)

MARC details
000 -LEADER
fixed length control field 00524nam a2200169Ia 4500
005 - DATE AND TIME OF LATEST TRANSACTION
control field 20240905061624.0
008 - FIXED-LENGTH DATA ELEMENTS--GENERAL INFORMATION
fixed length control field 240331s9999 xx 000 0 und d
020 ## - INTERNATIONAL STANDARD BOOK NUMBER
ISBN 9555800030
082 ## - DDC Classification
Item Number - Author Mark SAM
Class No. 613.042
100 ## - MAIN ENTRY--PERSONAL NAME
Personal name Samarasinghe, V. others
245 #0 - TITLE STATEMENT
Title Maternal nutrition and health status of Indian Tamil female tea plantation workers in Sri Lanka
260 ## - PUBLICATION, DISTRIBUTION, ETC.
Place of publication, distribution, etc. Sri Lanka
Name of publisher, distributor, etc. International Centre For Ethnic Studies
Date of publication, distribution, etc. 1990
300 ## - PHYSICAL DESCRIPTION
Extent (e.g. Volumes, Pages etc.) iv, 56 p .,
650 ## - SUBJECT ADDED ENTRY--TOPICAL TERM
Topical term or geographic name entry element Maternal Nutrition
650 ## - SUBJECT ADDED ENTRY--TOPICAL TERM
Topical term or geographic name entry element Plantation
942 ## - Koha item type (Biblio)
Koha item type Books in Stacks (Lending)
Holdings
Lost status Damaged status Collection code Home library Current library Shelving location Date acquired Full call number Accession Number Item type
    Lending WERC Library WERC Library Social Science Cupboard 03/31/2024 613.042 SAM 3257 Books in Stacks (Lending)

© WERC Library